| 000 | 00782nam a22002657a 4500 | ||
|---|---|---|---|
| 008 | 131110b xxu||||| |||| 00| 0 eng d | ||
| 020 | _a81-7041-203-5 | ||
| 024 | _cAvaialable | ||
| 037 | _cAvaialable | ||
| 040 |
_aMBSTU LIBRARY _dMBSTU LIBRARY |
||
| 082 |
_222 _a150.3 SHD |
||
| 100 | _aSharma, Sunita. | ||
| 110 | _aB.R. Bhafia. | ||
| 245 | _aDictionary of psychology. | ||
| 260 |
_aNew Delhi _bAnmol Publications. _c1993 |
||
| 300 |
_a22 cm. _b284 page _f1 _g22 cm. |
||
| 600 | _2Psychology-dictionaries. | ||
| 650 | _2Psychology-dictionaries. | ||
| 700 | _aSharma, Sunita.. | ||
| 710 | _aB.R. Bhafia. | ||
| 270 |
_aNew Delhi _bNew Delhi _dUSA |
||
| 365 |
_b240.00 _d240.00 |
||
| 942 |
_2ddc _cBK |
||
| 999 |
_c805 _d805 |
||